Gouvernance, coordination et légitimité dans les politiques publiques

Gespeichert in:
Bibliographische Detailangaben
1. Verfasser: Papadopoulos, Yannis
Format: Buch
Sprache:Englisch
Veröffentlicht: San Domenico (FI) European University Institute 1999
Schriftenreihe:EUI Working paper RSC No. 99/20
Schlagworte:
Tags: Tag hinzufügen
Keine Tags, Fügen Sie das erste Tag hinzu!

MARC

LEADER 00000nam a2200000 4500
001 c132329
005 20221108123800.2
041 0 |a eng 
044 |a IT 
245 1 0 |a Gouvernance, coordination et légitimité dans les politiques publiques  |c Yannis Papadopoulos 
264 1 |a San Domenico (FI)  |b European University Institute  |c 1999 
300 |a 35 s. 
490 1 |a EUI Working paper RSC  |v No. 99/20 
830 0 |a EUI Working paper RSC  |v No. 99/20 
610 2 0 |a politika verejná 
610 2 0 |a koordinácia 
610 2 0 |a vláda 
100 1 |a Papadopoulos, Yannis